A Samsung marketing tevékenység elemzése a televíziók piacán

Bibliográfiai részletek
Szerző: Ughy Ármin
További közreműködők: Szabó Dr. habil Zoltán
Dokumentumtípus: Diplomadolgozat
Kulcsszavak:Samsung
Dél-Korea
Televízió
Marketingtevékenység
Elemzés
Online Access:http://dolgozattar.uni-bge.hu/15488

MARC

LEADER 00000nta a2200000 i 4500
001 dolg15488
005 20200320141022.0
008 180507suuuu hu om 000 hun d
040 |a BGE Dolgozattár Repozitórium  |b hun 
041 |a hu 
100 1 |a Ughy Ármin 
245 1 2 |a A Samsung marketing tevékenység elemzése a televíziók piacán  |c Ughy Ármin  |h [elektronikus dokumentum] 
695 |a Samsung 
695 |a Dél-Korea 
695 |a Televízió 
695 |a Marketingtevékenység 
695 |a Elemzés 
700 1 |a Szabó Dr. habil Zoltán  |e ths 
856 4 0 |u http://dolgozattar.uni-bge.hu/15488/1/SZAKDOLGOZAT%20Ughy%20%C3%81rmin.pdf  |z Dokumentum-elérés